[Event "Uxbridge Open"]
[Site "Denham Grove"]
[Date "2010.03.21"]
[Round "5"]
[White "Houska, Jovanka"]
[Black "Talbot, Andrew R"]
[Result "1-0"]
[WhiteElo "2392"]
[BlackElo "2141"]
[PlyCount "67"]
[EventDate "2010.03.19"]
[EventType "swiss"]
[EventRounds "5"]
[EventCountry "ENG"]

1. d4 Nf6 2. Nf3 g6 3. c4 Bg7 4. g3 O-O 5. Bg2 d6 6. O-O a6 7. Nc3 Nc6 8. b3
Rb8 9. Nd5 Ne4 10. Bb2 e6 11. Ne3 f5 12. Qc2 Ne7 13. Rac1 Bh6 14. Ne1 Nf6 15.
Nd3 Bxe3 16. fxe3 b6 17. Nf2 c5 18. dxc5 bxc5 19. Rcd1 Qc7 20. Qd2 Ne8 21. e4
e5 22. exf5 gxf5 23. e4 f4 24. Nd3 fxg3 25. Rxf8+ Kxf8 26. hxg3 Ng6 27. Bc1 Kg8
28. Ne1 Be6 29. Nf3 Rd8 30. Ng5 Bg4 31. Rf1 Rd7 32. Qd5+ Kg7 33. Bf3 Nf6 34.
Qd1 1-0

[Event "Uxbridge Open"]
[Site "Denham Grove"]
[Date "2010.03.21"]
[Round "5"]
[White "Iyengar, Ilya"]
[Black "Webb, Matthew D"]
[Result "0-1"]
[WhiteElo "2013"]
[BlackElo "1999"]
[PlyCount "104"]
[EventDate "2010.03.19"]
[EventType "swiss"]
[EventRounds "5"]
[EventCountry "ENG"]

1. d4 Nf6 2. Nf3 g6 3. c4 Bg7 4. g3 c5 5. Bg2 cxd4 6. Nxd4 O-O 7. O-O Nc6 8.
Nc2 d6 9. Nc3 Qa5 10. e4 Bg4 11. f3 Be6 12. Nd5 Bxd5 13. cxd5 Ne5 14. Be3 Rfc8
15. Bd4 Rc7 16. Rf2 Rac8 17. a4 b6 18. Bh3 Rxc2 19. Bxe5 Rxf2 20. Kxf2 dxe5 21.
Bxc8 Qc5+ 22. Kg2 Qxc8 23. Rc1 Qd7 24. Qc2 e6 25. Qc8+ Bf8 26. Qxd7 Nxd7 27.
dxe6 Nc5 28. exf7+ Kxf7 29. b4 Ne6 30. b5 Bc5 31. Rf1 Be3 32. h4 Nc5 33. f4 Ke6
34. f5+ gxf5 35. exf5+ Kf6 36. g4 h6 37. Ra1 h5 38. Kf3 Bd4 39. Ra2 e4+ 40. Kg3
e3 41. a5 bxa5 42. Kf4 hxg4 43. Kxg4 Ne4 44. Kf3 Kxf5 45. Rxa5 Nd2+ 46. Ke2 Ke4
47. Ra6 Nf3 48. Rg6 Be5 49. h5 Nd4+ 50. Ke1 Kd3 51. Rg2 e2 52. Rxe2 Nxe2 0-1

[Event "Uxbridge Open"]
[Site "Denham Grove"]
[Date "2010.03.21"]
[Round "5"]
[White "Lenier, Jude A"]
[Black "Pleasants, Allan J"]
[Result "0-1"]
[WhiteElo "1942"]
[BlackElo "2038"]
[PlyCount "58"]
[EventDate "2010.03.19"]
[EventType "swiss"]
[EventRounds "5"]
[EventCountry "ENG"]

1. e4 c5 2. Nf3 Nc6 3. d4 cxd4 4. Nxd4 Nf6 5. Nc3 d6 6. g3 Bg4 7. f3 Bd7 8. Be3
a6 9. Bg2 Rc8 10. O-O e6 11. f4 Be7 12. g4 h5 13. h3 hxg4 14. hxg4 Rh4 15. Bf3
Nxd4 16. Bxd4 e5 17. Bf2 Rxg4+ 18. Bxg4 Bxg4 19. Qd2 Rc4 20. Rae1 Qc8 21. Re3
exf4 22. Rd3 g5 23. Bd4 Bh3 24. Rff3 Rxd4 25. Rxh3 Qxh3 26. Rxd4 Ng4 27. Nd1 f3
28. Rd3 Qg3+ 29. Kh1 f2 0-1

[Event "Uxbridge Open"]
[Site "Denham Grove"]
[Date "2010.03.21"]
[Round "5"]
[White "Livner, Anders"]
[Black "Doci, Stefan"]
[Result "1-0"]
[WhiteElo "2304"]
[BlackElo "2071"]
[PlyCount "117"]
[EventDate "2010.03.19"]
[EventType "swiss"]
[EventRounds "5"]
[EventCountry "ENG"]

1. d4 c6 2. c4 d5 3. Nf3 Nf6 4. e3 g6 5. Nc3 Bg7 6. Be2 O-O 7. O-O Nbd7 8. cxd5
cxd5 9. Bd2 Re8 10. Rc1 a6 11. Qb3 e6 12. Rfd1 Qb6 13. Qc2 e5 14. dxe5 Nxe5 15.
Be1 Bf5 16. Qb3 Qxb3 17. axb3 Nc6 18. Na4 Ne7 19. Bc3 Rac8 20. b4 Nd7 21. Bxg7
Kxg7 22. Nd4 Be6 23. Nc3 Nb6 24. Nb3 Nc4 25. Na4 b5 26. Nac5 Nxb2 27. Rd2 Nc4
28. Ra2 Nc6 29. Nxa6 d4 30. exd4 Nd6 31. Nac5 Nxd4 32. Nxe6+ Rxe6 33. Rxc8
Nxe2+ 34. Kf1 Nxc8 35. Rxe2 Rd6 36. Rc2 Nb6 37. Rc5 Rd5 38. Ke2 Kf8 39. Rc7 Nc4
40. g3 h5 41. Rb7 Kg7 42. Nc5 Na3 43. Kf1 Rd1+ 44. Kg2 Rb1 45. Nd3 Rb3 46. Ne5
Kf6 47. Nxf7 Rxb4 48. f4 Re4 49. Ne5 b4 50. Rb6+ Ke7 51. Nc6+ Kf7 52. Nxb4 Re2+
53. Kh3 Nc4 54. Rb7+ Ke6 55. Nc6 Kf6 56. Nd4 Rd2 57. Nf3 Re2 58. Rc7 Nd6 59.
Ng5 1-0

[Event "Uxbridge Open"]
[Site "Denham Grove"]
[Date "2010.03.21"]
[Round "5"]
[White "Nelson, Omowale"]
[Black "Ganger, Rajan"]
[Result "1-0"]
[WhiteElo "2076"]
[BlackElo "1947"]
[PlyCount "92"]
[EventDate "2010.03.19"]
[EventType "swiss"]
[EventRounds "5"]
[EventCountry "ENG"]

1. d4 Nf6 2. c4 c5 3. d5 b5 4. cxb5 e6 5. Nc3 exd5 6. Nxd5 Bb7 7. Nxf6+ Qxf6 8.
Nf3 d5 9. g3 Bd6 10. Bg2 O-O 11. O-O h6 12. Nd2 Re8 13. Re1 Be5 14. Nc4 Rd8 15.
Na5 Qb6 16. Nxb7 Qxb7 17. e4 Qxb5 18. exd5 Nd7 19. Qg4 Nf6 20. Qf5 Bd4 21. Rb1
g6 22. Qh3 h5 23. Be3 Rab8 24. Qh4 Bxe3 25. Rxe3 Nxd5 26. Rb3 Nb4 27. a3 Rd4
28. Rxb4 cxb4 29. Qxd4 bxa3 30. Qxa7 axb2 31. Bd5 Rf8 32. Qa2 Rb8 33. Bxf7+ Kh7
34. Qd5 Qb4 35. Be8 Rb7 36. Bc6 Re7 37. Qd1 Rc7 38. Qd8 Rf7 39. Kg2 Qc5 40. Bf3
Rxf3 41. Qd7+ Kh6 42. Kxf3 Qc2 43. Qd1 Qc6+ 44. Ke3 Qc3+ 45. Ke2 Qc4+ 46. Qd3
Qc1 1-0

[Event "Uxbridge Open"]
[Site "Denham Grove"]
[Date "2010.03.21"]
[Round "5"]
[White "Ociepka, Adrian"]
[Black "Arkell, Keith C"]
[Result "0-1"]
[WhiteElo "2176"]
[BlackElo "2474"]
[PlyCount "118"]
[EventDate "2010.03.19"]
[EventType "swiss"]
[EventRounds "5"]
[EventCountry "ENG"]

1. e4 c6 2. d4 d5 3. Nd2 dxe4 4. Nxe4 Nd7 5. Ng5 Ngf6 6. Bd3 Nb6 7. h3 h6 8.
N5f3 c5 9. dxc5 Nbd7 10. b4 a5 11. c3 g6 12. Ne2 Bg7 13. Bb2 O-O 14. O-O e5 15.
Bb5 e4 16. Nfd4 Ne5 17. Qc2 Bd7 18. Rfd1 Bxb5 19. Nxb5 Nd3 20. a3 Qe7 21. Ned4
Nd5 22. Rxd3 exd3 23. Qxd3 Rfd8 24. Rd1 axb4 25. axb4 Nf4 26. Qf1 Qd7 27. Bc1
Nd5 28. Qc4 Qc8 29. Qb3 Ra6 30. c4 Ne7 31. Bf4 Nf5 32. Bd6 Bxd4 33. Nxd4 Nxd6
34. b5 Ra8 35. cxd6 Rxd6 36. Qb4 Qd8 37. c5 Rd5 38. Rd2 Rc8 39. Nb3 Rxd2 40.
Nxd2 Qe7 41. Ne4 Re8 42. f3 Qe5 43. Kf2 Ra8 44. Qc3 Qxc3 45. Nxc3 Kf8 46. Ke3
Rd8 47. g4 Ke7 48. h4 Ke6 49. g5 h5 50. Ne4 Kd5 51. Kd3 Ra8 52. Kc3 Ra4 53. Kb3
Rxe4 54. fxe4+ Kxc5 55. b6 Kxb6 56. Kb4 Kc6 57. Kc4 b5+ 58. Kd4 Kd6 59. Kc3 Ke5
0-1

[Event "Uxbridge Open"]
[Site "Denham Grove"]
[Date "2010.03.21"]
[Round "5"]
[White "Quinn, Rory"]
[Black "Bailey, Kevin J"]
[Result "1-0"]
[WhiteElo "2036"]
[BlackElo "2076"]
[PlyCount "105"]
[EventDate "2010.03.19"]
[EventType "swiss"]
[EventRounds "5"]
[EventCountry "ENG"]

1. e4 e6 2. d4 d5 3. Nc3 Bb4 4. e5 c5 5. Qg4 Ne7 6. dxc5 Nbc6 7. Bd2 O-O 8. Nf3
Ng6 9. O-O-O Bxc5 10. Qh5 Qe8 11. Be3 Bxe3+ 12. fxe3 Nce7 13. Bd3 Bd7 14. Rhf1
b5 15. Ne2 b4 16. Ned4 a5 17. Kb1 Bc8 18. Rf2 Ba6 19. Ng5 h6 20. Ngxe6 fxe6 21.
Rxf8+ Qxf8 22. Bxg6 Bc8 23. Nb5 Nxg6 24. Qxg6 Qf7 25. Qxf7+ Kxf7 26. Rf1+ Kg8
27. Nd6 Ba6 28. Rf3 Rf8 29. Rxf8+ Kxf8 30. Kc1 Kg8 31. Kd2 Kh7 32. c3 bxc3+ 33.
Kxc3 Kg6 34. Kd4 Kg5 35. Nf7+ Kf5 36. Nd8 Bf1 37. g3 h5 38. a4 Bc4 39. Nc6 Bb3
40. Nxa5 Bxa4 41. b3 Bd7 42. h3 Bb5 43. Nb7 Bf1 44. Nd6+ Kg5 45. Ne8 g6 46. b4
Bxh3 47. b5 Bf1 48. b6 Ba6 49. Nc7 Bb7 50. Nxe6+ Kf5 51. Nf4 Ba8 52. e6 Kf6 53.
Nxd5+ 1-0

[Event "Uxbridge Open"]
[Site "Denham Grove"]
[Date "2010.03.21"]
[Round "5"]
[White "Radovanovic, Jovica"]
[Black "Ynojosa Aponte, Felix Jose"]
[Result "1/2-1/2"]
[WhiteElo "2348"]
[BlackElo "2165"]
[PlyCount "130"]
[EventDate "2010.03.19"]
[EventType "swiss"]
[EventRounds "5"]
[EventCountry "ENG"]

1. Nf3 Nf6 2. g3 b6 3. Bg2 Bb7 4. O-O c5 5. d3 d5 6. Nbd2 Nbd7 7. c3 e5 8. e4
dxe4 9. dxe4 Be7 10. Nh4 b5 11. a4 a6 12. Qe2 Bc6 13. axb5 axb5 14. Rxa8 Qxa8
15. Nf5 Bf8 16. Re1 g6 17. Ne3 Bh6 18. c4 Bxe3 19. Qxe3 O-O 20. cxb5 Bxb5 21.
b3 Qa1 22. Nf3 Bc6 23. Ng5 Rb8 24. Bf1 h6 25. Nxf7 Kxf7 26. Bc4+ Ke7 27. Qxh6
Kd8 28. Bd2 Qd4 29. Ba5+ Ke7 30. Qg7+ Kd6 31. Qf7 Re8 32. Re2 Qa1+ 33. Be1 Bxe4
34. Kf1 Bf5 35. Rd2+ Kc7 36. Rxd7+ Bxd7 37. Qxf6 Bh3+ 38. Ke2 Bg4+ 39. f3 Qb2+
40. Bd2 Bd7 41. Qg5 Bc6 42. Qe3 Rf8 43. Qxc5 Rd8 44. Qa5+ Kd7 45. Qa7+ Kd6 46.
Ke3 Qd4+ 47. Qxd4+ exd4+ 48. Kxd4 Bxf3 49. Bf4+ Kc6+ 50. Ke5 Kc5 51. Bf7 Bh5
52. Bc4 Bd1 53. Kf6 Bc2 54. h4 Rd7 55. Kg5 Kb4 56. g4 Ka3 57. Be6 Rb7 58. Bd6+
Kb2 59. Kf6 Bxb3 60. Be5+ Ka3 61. Bd6+ Kb2 62. Bxb3 Rxb3 63. Bf4 Rb6+ 64. Kg7
Ra6 65. Kf7 Kb3 1/2-1/2

[Event "Uxbridge Open"]
[Site "Denham Grove"]
[Date "2010.03.21"]
[Round "5"]
[White "Richter, Hans"]
[Black "Atako, Chino"]
[Result "1/2-1/2"]
[WhiteElo "2187"]
[BlackElo "2052"]
[PlyCount "166"]
[EventDate "2010.03.19"]
[EventType "swiss"]
[EventRounds "5"]
[EventCountry "ENG"]

1. d4 f5 2. c4 Nf6 3. g3 g6 4. Bg2 Bg7 5. Nc3 d6 6. Nf3 O-O 7. O-O Nc6 8. d5
Na5 9. Qa4 c5 10. dxc6 Nxc6 11. Rd1 Qa5 12. Qb3 Kh8 13. Bd2 Qb4 14. Qxb4 Nxb4
15. Nb5 Nc6 16. Bc3 h6 17. Rac1 Ne4 18. Bxg7+ Kxg7 19. Nfd4 Nxd4 20. Rxd4 Ng5
21. Bd5 f4 22. gxf4 Nh3+ 23. Kf1 Nxf4 24. Nc7 Bh3+ 25. Ke1 Rac8 26. Nb5 Nxd5
27. Rxd5 a6 28. Na3 Rf4 29. Rd3 Rh4 30. Rdc3 Bf5 31. Kf1 Rxh2 32. Kg1 Rh4 33.
f3 Bd7 34. c5 dxc5 35. Rxc5 Rxc5 36. Rxc5 Bc6 37. Nc4 Rd4 38. Kf2 Rd5 39. b4
Kf6 40. e4 Rxc5 41. bxc5 h5 42. Kg3 g5 43. a3 g4 44. fxg4 hxg4 45. Kxg4 Bxe4
46. Kf4 Bh1 47. Ke3 Bd5 48. Nb2 e5 49. Nd3 Kf5 50. Nb4 Be4 51. Na2 Bd5 52. Nb4
Ke6 53. Kd3 Bg2 54. Nc2 Bf1+ 55. Kc3 Be2 56. Ne3 Kd7 57. Kd2 Bb5 58. Ng4 Ke6
59. Ne3 e4 60. Kc3 Ke5 61. Nc2 Kd5 62. Kb4 Bd3 63. Ne3+ Kd4 64. Nf5+ Ke5 65.
Ne3 Kf4 66. Nd5+ Kf3 67. Kc3 Bb5 68. Kd4 Bc6 69. Ne3 Ke2 70. Nc4 Kd1 71. Na5
Kc2 72. Nxc6 bxc6 73. Kxe4 Kb3 74. Ke5 Kxa3 75. Kd6 Kb3 76. Kxc6 a5 77. Kb5 a4
78. c6 a3 79. c7 a2 80. c8=Q a1=Q 81. Qh3+ Ka2 82. Qg2+ Qb2+ 83. Qxb2+ Kxb2
1/2-1/2

[Event "Uxbridge Major"]
[Site "Denham Grove"]
[Date "2010.03.19"]
[Round "1"]
[White "Adcock, Jamie"]
[Black "Ociepka, Dominika"]
[Result "1-0"]
[WhiteElo "1858"]
[BlackElo "1401"]
[PlyCount "79"]
[EventDate "2010.03.19"]
[EventType "swiss"]
[EventRounds "5"]
[EventCountry "ENG"]

1. d4 d5 2. c4 e6 3. Nc3 c5 4. cxd5 exd5 5. Nf3 Be6 6. Bf4 Nf6 7. e3 c4 8. Be2
Bb4 9. O-O O-O 10. Ne5 Nc6 11. Nxc6 bxc6 12. Qc2 Qd7 13. Rfd1 Bf5 14. Qa4 a5
15. Rac1 h6 16. a3 Bd6 17. Bxd6 Qxd6 18. f3 Bg6 19. e4 Nd7 20. Rd2 f5 21. e5
Qe6 22. f4 Rfd8 23. Bf3 Nb6 24. Qd1 Bf7 25. g4 Rac8 26. gxf5 Qxf5 27. Bg4 Qg6
28. Rg2 Rc7 29. f5 Qg5 30. Rcc2 Qe7 31. Rcf2 Kh8 32. f6 gxf6 33. Rxf6 Bg8 34.
Rxh6+ Bh7 35. Bf5 Qf8 36. Qh5 Rdd7 37. Bxd7 Rxd7 38. Rf6 Qd8 39. Qf3 Bg8 40.
Rf8 1-0

[Event "Uxbridge Major"]
[Site "Denham Grove"]
[Date "2010.03.19"]
[Round "1"]
[White "Anderson, Thomas R"]
[Black "Pataki, Zemplen"]
[Result "1/2-1/2"]
[WhiteElo "1930"]
[BlackElo "1749"]
[PlyCount "69"]
[EventDate "2010.03.19"]
[EventType "swiss"]
[EventRounds "5"]
[EventCountry "ENG"]

1. d4 Nf6 2. c4 e6 3. Nf3 b6 4. a3 Bb7 5. Nc3 Be7 6. Qc2 O-O 7. e4 d6 8. Bd3 h6
9. O-O Nfd7 10. b4 e5 11. d5 a5 12. Be3 axb4 13. axb4 Na6 14. Ra4 Nab8 15. Rxa8
Bxa8 16. Na4 Na6 17. Qc3 Bb7 18. Ra1 Qc8 19. Nd2 Nf6 20. h3 Nh5 21. c5 bxc5 22.
bxc5 Nxc5 23. Nxc5 dxc5 24. Bxc5 Bxc5 25. Qxc5 Nf4 26. Bc4 Qd8 27. Nf3 Bc8 28.
Ra8 Nxg2 29. Kxg2 Bxh3+ 30. Kxh3 Qxa8 31. Nxe5 Qc8+ 32. Kg3 Re8 33. f4 g5 34.
Nc6 Qd7 35. Bd3 1/2-1/2

[Event "Uxbridge Major"]
[Site "Denham Grove"]
[Date "2010.03.19"]
[Round "1"]
[White "Booley, Graham M"]
[Black "Lawrence, David J"]
[Result "1-0"]
[WhiteElo "1906"]
[BlackElo "1722"]
[PlyCount "61"]
[EventDate "2010.03.19"]
[EventType "swiss"]
[EventRounds "5"]
[EventCountry "ENG"]

1. e4 e6 2. d4 d5 3. e5 c5 4. c3 Nc6 5. Nf3 Bd7 6. Bd3 Qb6 7. O-O cxd4 8. cxd4
Nxd4 9. Nxd4 Qxd4 10. Nc3 a6 11. Qf3 Qxe5 12. Bf4 Qf6 13. Rfe1 Ne7 14. Qg3 Qd4
15. Rad1 Qb6 16. b3 Rc8 17. Bb1 Bc6 18. Be3 Qc7 19. Bf4 Qd8 20. Ne4 Ng6 21. Bg5
Qc7 22. Qxc7 Rxc7 23. Nc3 Be7 24. Be3 O-O 25. Bb6 Rcc8 26. Re3 Bf6 27. Ne2 Bb5
28. Nd4 Bxd4 29. Bxd4 Bd7 30. Rg3 Rc6 31. a4 {time} 1-0

[Event "Uxbridge Major"]
[Site "Denham Grove"]
[Date "2010.03.19"]
[Round "1"]
[White "Brady, David"]
[Black "Banda, Graham"]
[Result "1-0"]
[WhiteElo "1890"]
[BlackElo "1690"]
[PlyCount "111"]
[EventDate "2010.03.19"]
[EventType "swiss"]
[EventRounds "5"]
[EventCountry "ENG"]

1. d4 d5 2. Nf3 Nf6 3. e3 Bg4 4. c4 e6 5. Nc3 Bb4 6. Qa4+ Nc6 7. Ne5 O-O 8.
Nxc6 Bxc3+ 9. bxc3 bxc6 10. f3 Bf5 11. Qxc6 Rb8 12. Be2 Rb6 13. Qa4 dxc4 14.
Qxc4 Qd7 15. e4 Bg6 16. O-O Rfb8 17. Bf4 Ne8 18. Qd3 Rb2 19. Bc1 R2b6 20. Ba3
Qa4 21. Bc5 Rb2 22. Bd1 Qa5 23. Bb3 Nd6 24. Bb4 Qg5 25. Rf2 Rxf2 26. Kxf2 Qh4+
27. Kg1 a5 28. Bxd6 cxd6 29. Qa6 Qg5 30. Qe2 Rc8 31. c4 h5 32. Rd1 h4 33. Qd2
Qh5 34. h3 a4 35. Bxa4 Rxc4 36. Bb3 Rc8 37. Rc1 Rb8 38. Qf4 e5 39. dxe5 dxe5
40. Qe3 Kh7 41. Rc5 f6 42. Qc1 Bf7 43. Bd5 Bxd5 44. Rxd5 Qe8 45. Qe1 g5 46. Qd2
Rb1+ 47. Kh2 Qb8 48. Rd7+ Kg6 49. Qd5 Qf8 50. Qe6 Qh8 51. Qf7+ Kh6 52. Rd6 Qg7
53. Rxf6+ Kh7 54. Qh5+ Kg8 55. Qe8+ Kh7 56. Rf7 1-0

[Event "Uxbridge Major"]
[Site "Denham Grove"]
[Date "2010.03.19"]
[Round "1"]
[White "Clayton, Tristan"]
[Black "Staples, Daniel J"]
[Result "0-1"]
[WhiteElo "1751"]
[BlackElo "1954"]
[PlyCount "100"]
[EventDate "2010.03.19"]
[EventType "swiss"]
[EventRounds "5"]
[EventCountry "ENG"]

1. e4 d6 2. d4 Nf6 3. Nc3 e5 4. dxe5 dxe5 5. Qxd8+ Kxd8 6. Bg5 Be6 7. O-O-O+
Nbd7 8. Bb5 c6 9. Ba4 Bc5 10. f3 Kc7 11. Bb3 Bxb3 12. axb3 h6 13. Bd2 b5 14. b4
Be7 15. Nge2 a5 16. bxa5 b4 17. Na4 Rxa5 18. b3 Rha8 19. Be3 c5 20. c4 Nb8 21.
Kc2 Nc6 22. Rhe1 Nd4+ 23. Nxd4 cxd4 24. Bd2 Nd7 25. c5 Rb5 26. Ra1 Nxc5 27.
Nxc5 Rxc5+ 28. Kd3 Rca5 29. Rec1+ Kd7 30. Rxa5 Rxa5 31. Rc4 Ra3 32. Kc2 Ra2+
33. Kd3 Rb2 34. h3 Rxb3+ 35. Kc2 Ra3 36. Kb2 Ra7 37. f4 f6 38. f5 Rc7 39. Kb3
Rxc4 40. Kxc4 Kc6 41. g4 Kb6 42. Be1 Ka5 43. Kb3 Kb5 44. Bd2 Bc5 45. h4 d3 46.
h5 Bf2 47. Bxb4 Be3 48. Bc3 d2 49. Kc2 Kc4 50. Bb2 Bg5 0-1

[Event "Uxbridge Major"]
[Site "Denham Grove"]
[Date "2010.03.19"]
[Round "1"]
[White "Corcoran, Gary"]
[Black "Du Plessis, Jacques"]
[Result "1-0"]
[WhiteElo "1866"]
[BlackElo "1650"]
[PlyCount "65"]
[EventDate "2010.03.19"]
[EventType "swiss"]
[EventRounds "5"]
[EventCountry "ENG"]

1. e4 c5 2. d4 cxd4 3. c3 d3 4. Bxd3 e6 5. Bf4 Nc6 6. Nf3 Nf6 7. Nbd2 Be7 8.
O-O O-O 9. Qc2 d6 10. e5 dxe5 11. Nxe5 Nxe5 12. Bxe5 Bd6 13. Nf3 Bxe5 14. Nxe5
Qc7 15. f4 h6 16. Rf3 Qc5+ 17. Kf1 b6 18. g4 Bb7 19. Rh3 Nd5 20. Qd2 Rfd8 21.
Re1 Nf6 22. g5 hxg5 23. fxg5 Ne4 24. Qf4 Nd6 25. Qh4 Kf8 26. Qh8+ Ke7 27. Qxg7
Rf8 28. Ng6+ Kd7 29. Nxf8+ Rxf8 30. Qxf8 Qxg5 31. Rg3 Qf4+ 32. Kg1 Qd2 33. Rf1
1-0

[Event "Uxbridge Major"]
[Site "Denham Grove"]
[Date "2010.03.19"]
[Round "1"]
[White "Dean, Michael"]
[Black "Price, Michael C"]
[Result "1/2-1/2"]
[WhiteElo "1691"]
[BlackElo "1906"]
[PlyCount "91"]
[EventDate "2010.03.19"]
[EventType "swiss"]
[EventRounds "5"]
[EventCountry "ENG"]

1. e4 c5 2. Nc3 Nc6 3. f4 e6 4. Nf3 g6 5. Bc4 Bg7 6. O-O Nge7 7. a3 O-O 8. d3
d5 9. Ba2 Nd4 10. Nxd4 cxd4 11. Ne2 b5 12. g4 dxe4 13. dxe4 Qb6 14. Kh1 Bb7 15.
Ng3 f5 16. gxf5 Nxf5 17. Qe1 Rae8 18. Bd2 Qc6 19. Bb4 Nxg3+ 20. hxg3 Qxc2 21.
Bb1 Qxb2 22. Bd3 Rf7 23. Rb1 Qa2 24. Rf2 Qxf2 25. Qxf2 a6 26. Kg1 Rc7 27. e5
Rec8 28. Bd2 Rd7 29. Qe2 Bf8 30. Bb4 Bxb4 31. axb4 Rc3 32. Kh2 Rdc7 33. Be4 Re3
34. Qa2 Bxe4 35. Qxe6+ Rf7 36. Rc1 Rc3 37. Rxc3 dxc3 38. Qc8+ Rf8 39. Qxc3 Bf5
40. Qd4 Re8 41. Kg2 h5 42. Qb6 Re6 43. Qd8+ Kf7 44. Qd7+ Re7 45. Qd6 Re6 46.
Qd7+ 1/2-1/2

[Event "Uxbridge Major"]
[Site "Denham Grove"]
[Date "2010.03.19"]
[Round "1"]
[White "Greatorex, Roger"]
[Black "Tarun, Malhotra"]
[Result "0-1"]
[WhiteElo "1954"]
[BlackElo "1801"]
[PlyCount "84"]
[EventDate "2010.03.19"]
[EventType "swiss"]
[EventRounds "5"]
[EventCountry "ENG"]

1. e4 c5 2. Nf3 Nc6 3. d4 cxd4 4. Nxd4 Nf6 5. Nc3 e5 6. Nb3 Bb4 7. Qd3 d5 8.
exd5 Nxd5 9. Bd2 Bxc3 10. bxc3 O-O 11. Qg3 Kh8 12. O-O-O Qc7 13. h4 Be6 14. h5
Rac8 15. h6 g6 16. Bd3 b6 17. Ba6 Rb8 18. Bd3 f6 19. Kb2 Na5 20. Rh4 Ne7 21. f4
Nf5 22. Bxf5 Nc4+ 23. Kc1 Qe7 24. Kb1 Bxf5 25. fxe5 Na3+ 26. Kb2 Nxc2 27. Ra4
a5 28. exf6 Qxf6 29. Bg5 Qf7 30. Rf1 Rbe8 31. Rf2 Ne1 32. Rd4 a4 33. Bd2 axb3
34. axb3 b5 35. Rf1 Nc2 36. Rdf4 Qa7 37. Rxf5 gxf5 38. Qd6 Ne3 39. Re1 f4 40.
g3 Qe7 41. Qd4+ Qf6 42. Bxe3 fxe3 0-1

[Event "Uxbridge Major"]
[Site "Denham Grove"]
[Date "2010.03.19"]
[Round "1"]
[White "Liu, Tomin"]
[Black "Jeffries, Majid"]
[Result "0-1"]
[WhiteElo "1818"]
[BlackElo "1995"]
[PlyCount "98"]
[EventDate "2010.03.19"]
[EventType "swiss"]
[EventRounds "5"]
[EventCountry "ENG"]

1. d4 Nf6 2. Nf3 e6 3. Bg5 d5 4. e3 Nbd7 5. Bd3 c5 6. c3 Qb6 7. Qc2 Bd6 8. Nbd2
h6 9. Bh4 Qc7 10. Bg3 O-O 11. O-O b6 12. Rfe1 Bb7 13. Rac1 c4 14. Bf1 b5 15.
Qb1 Bxg3 16. hxg3 Rfe8 17. b4 Ne4 18. Nxe4 dxe4 19. Nd2 Nf6 20. Qc2 Qc6 21. a4
a6 22. Ra1 Qd5 23. Ra3 Qf5 24. Be2 e5 25. Nf1 Bc6 26. axb5 axb5 27. Rea1 Rxa3
28. Rxa3 Qg5 29. Ra2 Nd5 30. Qd2 exd4 31. Qxd4 Rd8 32. Rd2 f5 33. Qe5 Qf6 34.
Qxf6 gxf6 35. f3 Ra8 36. fxe4 fxe4 37. Bg4 Kf7 38. Bf5 Nxc3 39. Rd6 Bd5 40.
Rd7+ Kf8 41. Rd6 Ra1 42. Kf2 Ke7 43. Rd7+ Ke8 44. Rd6 Ra2+ 45. Kg1 Rb2 46. Rxf6
Ne2+ 47. Kh2 c3 48. Rxh6 c2 49. Rh8+ Ke7 0-1

[Event "Uxbridge Major"]
[Site "Denham Grove"]
[Date "2010.03.19"]
[Round "1"]
[White "Rahman, K Azizur"]
[Black "Boudkeev, Timour"]
[Result "1/2-1/2"]
[WhiteElo "1970"]
[BlackElo "1813"]
[PlyCount "82"]
[EventDate "2010.03.19"]
[EventType "swiss"]
[EventRounds "5"]
[EventCountry "ENG"]

1. c4 e6 2. Nf3 d5 3. d4 Nf6 4. Nc3 Be7 5. Bf4 a6 6. e3 O-O 7. h3 c5 8. Be2 Nc6
9. O-O dxc4 10. Bxc4 b5 11. Bd3 Bb7 12. Qd2 c4 13. Bc2 Nb4 14. a3 Nxc2 15. Qxc2
Bxf3 16. gxf3 Nd5 17. Bg3 f5 18. Be5 Nxc3 19. Qxc3 Qd5 20. Kg2 Bd6 21. Bxd6
Qxd6 22. f4 Rf6 23. f3 Rg6+ 24. Kh2 Rf8 25. Rg1 Rff6 26. Rxg6 Rxg6 27. Rg1 Rxg1
28. Kxg1 g5 29. Qd2 Kf7 30. Kg2 gxf4 31. exf4 h5 32. Qe3 h4 33. Kf2 c3 34. Qxc3
Qxf4 35. Ke2 Qh2+ 36. Ke3 f4+ 37. Ke4 Qxh3 38. Qc7+ Kg6 39. Qxf4 Qg3 40. Qf8
Qe1+ 41. Kd3 Qb1+ 1/2-1/2

[Event "Uxbridge Major"]
[Site "Denham Grove"]
[Date "2010.03.19"]
[Round "1"]
[White "Sathiraju, Vijay"]
[Black "Jenkins, Graeme"]
[Result "0-1"]
[WhiteElo "1740"]
[BlackElo "1930"]
[PlyCount "64"]
[EventDate "2010.03.19"]
[EventType "swiss"]
[EventRounds "5"]
[EventCountry "ENG"]

1. d4 Nf6 2. c4 e6 3. Nc3 Bb4 4. e3 b6 5. Nge2 Bb7 6. a3 Bxc3+ 7. Nxc3 O-O 8.
Qc2 d5 9. cxd5 exd5 10. Bd3 Nbd7 11. O-O c5 12. f3 Rc8 13. Qf2 Re8 14. Nb5 Ba6
15. a4 c4 16. Be2 Bxb5 17. axb5 Rc7 18. Bd2 Nf8 19. Ra4 Qd7 20. Rb4 Ne6 21. Ra1
Re7 22. Bd1 Ne8 23. Qh4 Nd6 24. Ba4 Rc8 25. Re1 Nf5 26. Qh3 g6 27. g4 Nd6 28.
f4 Ne4 29. Qg2 Rce8 30. Bc1 Qd6 31. Bd2 Nxd2 32. Qxd2 Nxf4 0-1

[Event "Uxbridge Major"]
[Site "Denham Grove"]
[Date "2010.03.19"]
[Round "1"]
[White "Savage, Nicholas W"]
[Black "Farthing, Andrew"]
[Result "1-0"]
[WhiteElo "1996"]
[BlackElo "1818"]
[PlyCount "109"]
[EventDate "2010.03.19"]
[EventType "swiss"]
[EventRounds "5"]
[EventCountry "ENG"]

1. d4 d5 2. c4 e6 3. Nc3 c6 4. e3 Nf6 5. Nf3 Nbd7 6. Bd3 dxc4 7. Bxc4 b5 8. Bd3
Bd6 9. e4 e5 10. d5 cxd5 11. exd5 a6 12. O-O O-O 13. Re1 Re8 14. Bg5 Qb6 15. a4
b4 16. a5 Qb7 17. Ne4 Nxe4 18. Bxe4 Nc5 19. Nd2 Nxe4 20. Nxe4 Qd7 21. Qa4 Qxa4
22. Rxa4 Bf8 23. Rc1 Bd7 24. Raa1 Rac8 25. d6 f6 26. Bxf6 gxf6 27. Nxf6+ Kf7
28. Nxd7 Bxd6 29. Nb6 Rcd8 30. Rc6 Bb8 31. Rac1 Re6 32. Kf1 e4 33. Ke2 Bf4 34.
Rxe6 Bxc1 35. Rxe4 Rd2+ 36. Kf3 Rxb2 37. Na4 Rb3+ 38. Ke2 Rb1 39. Kd3 b3 40.
Rb4 b2 41. Kc3 Ra1 42. Kc2 b1=Q+ 43. Rxb1 Rxa4 44. Kxc1 Rxa5 45. Rb6 Ra2 46.
Rb2 Ra4 47. Kd2 Kg6 48. Ke3 Kf5 49. f3 h5 50. Rc2 Kg5 51. g3 Ra3+ 52. Kf2 Ra5
53. h4+ Kf5 54. Kg2 Ra3 55. Rc6 1-0

[Event "Uxbridge Major"]
[Site "Denham Grove"]
[Date "2010.03.19"]
[Round "1"]
[White "Silverman, Michael J"]
[Black "Kane, Robert"]
[Result "0-1"]
[WhiteElo "1690"]
[BlackElo "1885"]
[PlyCount "94"]
[EventDate "2010.03.19"]
[EventType "swiss"]
[EventRounds "5"]
[EventCountry "ENG"]

1. e4 c6 2. d4 d5 3. e5 Bf5 4. Bd3 Bxd3 5. Qxd3 e6 6. Nf3 c5 7. dxc5 Qa5+ 8.
Nc3 Bxc5 9. Qb5+ Qxb5 10. Nxb5 Kd7 11. O-O Nc6 12. c3 a6 13. Nbd4 Bxd4 14. cxd4
h6 15. Be3 Nge7 16. a3 Rac8 17. Bd2 Na7 18. Rac1 Rc4 19. b3 Rc6 20. a4 Rhc8 21.
Rxc6 Rxc6 22. Rc1 b5 23. Rxc6 Nexc6 24. Kf1 bxa4 25. bxa4 Nc8 26. a5 N8a7 27.
Ke2 Nb5 28. Kd3 Na3 29. Ne1 Nc4 30. Nc2 Nxd2 31. Kxd2 Nxa5 32. Nb4 Nc4+ 33. Kc3
a5 34. Nc2 Kc6 35. f4 Kb5 36. g4 g5 37. f5 a4 38. h3 a3 39. Nb4 Ne3 40. fxe6
fxe6 41. Kb3 Ng2 42. Nc2 Nf4 43. Kxa3 Kc4 44. Kb2 Nxh3 45. Kc1 Kd3 46. Kb2 Nf2
47. Kb3 Nxg4 0-1

[Event "Uxbridge Major"]
[Site "Denham Grove"]
[Date "2010.03.19"]
[Round "1"]
[White "Turner, David J"]
[Black "Summerscale, Claire E"]
[Result "1/2-1/2"]
[WhiteElo "1825"]
[BlackElo "1998"]
[PlyCount "39"]
[EventDate "2010.03.19"]
[EventType "swiss"]
[EventRounds "5"]
[EventCountry "ENG"]

1. Nf3 Nf6 2. g3 d5 3. d3 c5 4. Bg2 e6 5. Nbd2 b6 6. O-O Bb7 7. Re1 Be7 8. e4
dxe4 9. Ng5 Nbd7 10. Ngxe4 Qc8 11. Nxf6+ Nxf6 12. Bxb7 Qxb7 13. Qf3 Qxf3 14.
Nxf3 Nd5 15. a3 Bf6 16. Ng5 h6 17. Ne4 Be7 18. Bd2 O-O-O 19. Re2 Kb7 20. Rae1
1/2-1/2